• 首页
  • 本馆介绍
  • 公告通知
  • 最新文献
  • 馆藏检索
  • 电子资源
  • 读者导购
  • 参考咨询
  • 我的图书馆
  • 登录
  • 详细信息显示
  • 放入我的书架
  • 预约/预借图书
  • 作者相关作品
  • 分类相关作品
  • 丛书相关作品
  • 出版社相关作品

书目信息

  • 表格格式
  • 工作单格式
  • 卡片格式
题名:
科技文件材料管理
    
 
作者: 高鹏云 编著
分册:  
出版信息: 北京   档案出版社  1985
页数: 146页
开本: 19cm
丛书名:
单 册:
中图分类: G275.3
科图分类:
主题词: 技术档案-档案管理 , 档案管理-技术档案
电子资源:
ISBN:
000 00642nam0 2200241 45
001 0185003149
005 20060809084308.25
010    @dCNY0.85
091    @a7283.016
100    @a19900816d1985 em y0chiy0121 ea
101 0  @achi
102    @aCN@b110000
105    @ay z 000yy
200 10 @a科技文件材料管理@Ake ji wen jian cai liao guan li@f高鹏云编著
210    @a北京@c档案出版社@d1985
215    @a146页@d19cm
606    @a技术档案-档案管理
606    @a档案管理-技术档案
690    @aG275.3@v3
701  0 @a高鹏云@Agao peng yun@4编著
801  2 @aCN@bNLC@c20060809
801  0 @aCN@b深圳图书馆@c20040506
905    @dG275.3@e19
    
    科技文件材料管理/高鹏云编著.-北京:档案出版社,1985
    146页;19cm
    
    
    ISBN :CNY0.85
    
●
相关链接 在E读中查询图书 在五车中查询图书 在当当中查询图书 在豆瓣中查询图书


正题名:科技文件材料管理     索取号:G275.3/19         预约/预借

序号 登录号 条形码 馆藏地/架位号 状态 备注
1 0168731   000989292   密集书库/ [索取号:G275.3/19] 在馆    
2 0168732   000989363   密集书库/ [索取号:G275.3/19] 在馆    
3 0168733   000989354   第一样本阅览室/ [索取号:G275.3/19] 在馆    
4 0449925   204499257   密集书库/ [索取号:G275.3/19] 在馆    
唐山师范学院图书馆 欢迎您!
大连网信软件有限公司© 版权所有